000 00902cam a2200229 4500
001 WB3901-03
008 021218n2002 000 0 eng u
035 _a(Sirsi) u120827
245 _aCATO now supports BCIS
260 _c2002
490 _aBCIS Press Release
_v December 2002 (2)
520 _aThe Building Cost Information Service (BCIS) online service is now supported by the CATO building cost estimating package. BCIS subscribers can now launch the BCIS online service from CATO QuickEst, a new module in the CATO Suite of products created to support the initial estimating process. BCIS http://www.rics.org/resources/services/bcis/
590 _aWB
650 _aBCIS
650 _aBCIS
650 _aESTIMATING SOFTWARE
650 _aCATO
650 _aESTIMATES
650 _aMANAGEMENT-BUSINESS MANAGEMENT-INFORMATION MANAGEMENT
690 _aBUILT ENVIRONMENT
942 _n0
999 _c71807
_d71807